| 000 | 01257nam a2200277 a 4500 | ||
|---|---|---|---|
| 003 | MX-MxUPN | ||
| 005 | 20241001063945.0 | ||
| 008 | 991125s1925 sp a fr 001 0 spa d | ||
| 035 | _aUPN01000045778 | ||
| 040 |
_aMX-MxUPN _bspa _cMX-MxUPN |
||
| 041 |
_aspa _afre |
||
| 050 | 0 | 4 |
_aLB1027.5 _bP73 |
| 100 | 1 | _aManrique de Lara, G. | |
| 245 | 1 | 3 | _aLa práctica de la orientación profesional |
| 260 |
_aMadrid : _bLibrería y casa editorial Hernando, _c1925. |
||
| 300 |
_a210 páginas : _b[16] hojas de láminas |
||
| 505 | 0 | 0 |
_tLa pratique de l'orientation : une annés de fonctionnement á l'office populaire d'O.P / _g(64 páginas: ilustraciones) -- _tLa orientación profesional pirotécnica y su aplicación a los inválidos del trabajo / _rCésar de Madariaga. _g(32 páginas : [8] hojas de láminas) -- _tLa orientación profesional y la escuela / _rConde de Altea. _g(53 páginas. Ciencia y educación. Folletos). |
| 650 | 4 |
_aOrientación vocacional _95 |
|
| 700 | 1 |
_951634 _aMadariaga, César |
|
| 700 | 0 |
_aAltea, _cconde de, _d1901- _930702 |
|
| 710 | 2 |
_aInstituto Nacional de Investigación Educativa (México) _epropietario anterior _928086 |
|
| 902 | _bMaríaRobles/140624 | ||
| 904 |
_aAC _b045780 |
||
| 905 | _aLibro | ||
| 942 |
_2lcc _cLIBRO _n0 |
||
| 999 |
_c45778 _d45778 |
||